Historical Afters - Statistics

General Stats
  • This quiz has been taken 22 times
  • The average score is 16 of 20
Answer Stats
Hint Answer % Correct
9) Rosetta, Blarney, Black Stone
100%
1) Iron, Bronze, Ice Age
95%
5) Roman, Ottoman, Incan Empire
95%
7) American, Industrial, Russian Revolution
95%
4) Hadrians, Berlin, China Wall
95%
3) Punic, Hundred Years, Roses War
95%
20) Milvian, Golden Gate, Bering Land Bridge
90%
2) Ptolemaic, Qing, Ming Dynasty
90%
17) Depression, Leap Forward,Expectations Great
90%
18) Silk, Abbey, Persian Royal Road
90%
6) Maginot, Mason-Dixon, East coast Line
86%
11) Newton, Murphy, Mendel Law
81%
12) Plymouth, Ayers, Gibraltar Rock
81%
8) Umayyad, Rashidun, Abbasid Caliphate
67%
16) Great Chicago, Peshtigo, IroquoisTheater Fire
67%
14) Transcontinental, Pennsylvania, Trans-Siberian Railroad
67%
10) St Peters, St Marks, Notre Dame Basilica
52%
13) Manifest, Oedipus, Endless Destiny
52%
15) Yellow River, Great Mississippi,Johnstown Flood
52%
19) Spice, Triangle, Trans-Saharan Trade
52%
No matching quizzes found
Score Distribution
Percent of People with Each Score
Percentile by Number Answered
Your Score History
You have not taken this quiz